[Event "Mechanics' Fall TNM; 30/90, SD/30"]
[Site "San Francisco"]
[Date "2013.11.12"]
[Round "4.32"]
[White "Frank, Robert"]
[Black "James, Charles"]
[Result "1-0"]
[WhiteElo "1389"]
[BlackElo "1592"]
[PlyCount "73"]
[EventDate "2013.??.??"]

1. d4 f5 2. g3 Nf6 3. Bg2 g6 4. Nc3 Bg7 5. Nf3 O-O 6. O-O c6 7. a4 d6 8. b4 Qe8
9. Re1 e5 10. dxe5 dxe5 11. e4 Nxe4 12. Nxe4 fxe4 13. Rxe4 Bf5 14. Re2 Bg4 15.
Ra3 e4 16. h3 Qc8 17. hxg4 exf3 18. Bxf3 Nd7 19. Bf4 Nf6 20. Kg2 Nxg4 21. Bxg4
Qxg4 22. Bd2 Rad8 23. f3 Qh5 24. Qe1 Qf5 25. Re4 Rd6 26. g4 Qd7 27. Bg5 Bf6 28.
Bxf6 Rdxf6 29. Re7 Qd5 30. Qe2 Qd6 31. Rb3 R8f7 32. Re8+ Kg7 33. g5 Rf5 34. Qe3
Qd5 35. Qc3+ R5f6 36. gxf6+ Kh6 37. Qe3+ 1-0

[Event "Mechanics' Summer TNM; 30/90, SD/30"]
[Site "San Francisco"]
[Date "2013.06.25"]
[Round "5.28"]
[White "Frank, Robert"]
[Black "Krasnov, Steven"]
[Result "0-1"]
[WhiteElo "1343"]
[BlackElo "1955"]
[PlyCount "86"]
[EventDate "2013.??.??"]

1. d4 Nf6 2. Nf3 b6 3. g3 Bb7 4. Bg2 e6 5. O-O c5 6. c3 h6 7. dxc5 Bxc5 8. b4
Be7 9. Bb2 O-O 10. Nbd2 Na6 11. Nc4 Qc7 12. Qd4 Rac8 13. Nce5 d6 14. Nd3 e5 15.
Ndxe5 dxe5 16. Qxe5 Bd6 17. Qf5 Be4 18. Qb5 Qb7 19. Rfd1 Nc7 20. Qa4 b5 21. Qb3
Bd5 22. Qc2 Ne6 23. a3 Rfd8 24. Ne1 Be4 25. Bxe4 Nxe4 26. Rd3 Be7 27. f3 Qb6+
28. e3 Rxd3 29. Qxd3 Nf6 30. a4 bxa4 31. Rxa4 Rd8 32. Qe2 Nd5 33. Ra6 Qxe3+ 34.
Qxe3 Nxe3 35. Rxa7 Bf6 36. Ra1 Nc4 37. Rb1 Rd2 38. Ba1 Nc7 39. Ng2 Nd5 40. b5
Nxc3 41. Bxc3 Bxc3 42. b6 Bd4+ 43. Kf1 Rf2+ 0-1

[Event "Mechanics' Neil Falconer TNM; 30/90, SD"]
[Site "San Francisco"]
[Date "2013.09.10"]
[Round "6.28"]
[White "Frank, Robert"]
[Black "Louie, Henry"]
[Result "1/2-1/2"]
[WhiteElo "1317"]
[BlackElo "1496"]
[PlyCount "118"]
[EventDate "2013.??.??"]

1. d4 Nf6 2. Nf3 g6 3. g3 Bg7 4. Bg2 d5 5. O-O O-O 6. Ne5 Nc6 7. Nxc6 bxc6 8.
b3 Ba6 9. Re1 Rb8 10. Bb2 Re8 11. Nd2 Ng4 12. e4 Bc8 13. e5 Nh6 14. Nf3 Bg4 15.
h3 Bc8 16. g4 e6 17. Bc1 Kh8 18. Bg5 Qd7 19. Bh4 Ng8 20. g5 Ne7 21. Bg3 Nf5 22.
Bh2 Bf8 23. Kh1 c5 24. c3 cxd4 25. cxd4 c5 26. Bf4 Ba6 27. Bf1 Bxf1 28. Rxf1
Rec8 29. Be3 c4 30. bxc4 Rxc4 31. Rc1 Rbc8 32. Rxc4 Rxc4 33. Qb3 Qc7 34. Qb1
Ba3 35. Nd2 Nxe3 36. fxe3 Rc1 37. Rxc1 Qxc1+ 38. Qxc1 Bxc1 39. Nf1 Kg7 40. Kg2
h6 41. h4 hxg5 42. hxg5 Ba3 43. Kg3 Bb4 44. Kf4 Be1 45. Kg4 Kf8 46. Kf4 Ke7 47.
e4 Bc3 48. Ke3 dxe4 49. Kxe4 Be1 50. Nh2 Kd7 51. d5 exd5+ 52. Kxd5 Bg3 53. Nf3
Bf2 54. Nd2 Be3 55. Nf3 Bf2 56. Nd2 Bh4 57. Nf3 Bg3 58. Nd2 Be1 59. Nf3 Bf2
1/2-1/2

[Event "Mechanics' Neil Falconer TNM; 30/90, SD"]
[Site "San Francisco"]
[Date "2013.09.24"]
[Round "8.25"]
[White "Frank, Robert"]
[Black "Morgan, Jerry"]
[Result "1/2-1/2"]
[WhiteElo "1317"]
[BlackElo "1579"]
[Annotator "Donaldson"]
[PlyCount "115"]
[EventDate "2013.??.??"]

1. d4 d5 2. Nf3 Bg4 3. e3 e6 4. c4 Bxf3 5. Qxf3 Nf6 6. cxd5 Qxd5 7. Qxd5 exd5
8. Bd3 Bd6 9. O-O Nbd7 10. Nc3 c6 11. e4 dxe4 12. Nxe4 Nxe4 13. Bxe4 Nf6 14.
Bf3 O-O 15. Bg5 Nd5 16. a4 Bf4 17. Bxf4 Nxf4 18. Rad1 Rad8 19. Rd2 Rfe8 20.
Rfd1 Nd5 21. Re2 Kf8 22. Rxe8+ Kxe8 23. b3 Rd6 24. g3 Kd8 25. Kf1 Kc7 26. Ke2
Kb6 27. Kd3 f5 28. Kc4 f4 29. b4 fxg3 30. hxg3 Kc7 31. b5 Nb6+ 32. Kb4 cxb5 33.
axb5 Rf6 34. Rc1+ Kb8 35. Be4 g6 36. f3 Rd6 37. Kc5 Rd8 38. Rd1 Na4+ 39. Kb4
Nb6 40. d5 Kc7 41. Kc5 Nd7+ 42. Kd4 Kd6 43. Re1 Re8 44. Rh1 Nf6 45. g4 a5 46.
bxa6 bxa6 47. g5 Nh5 48. Ra1 Ra8 49. Bd3 a5 50. Ra4 Nf4 51. Rc4 Nxd5 52. Be4
Rb8 53. Bxd5 Rb4 54. Bg8 Rxc4+ 55. Kxc4 Ke5 56. Bxh7 Kf5 {Diagram #} 57. Kb5 $2
(57. Bxg6+ $1 Kxg6 58. f4 $18) 57... Kxg5 58. Kxa5 1/2-1/2

[Event "Mechanics' Fall TNM; 30/90, SD/30"]
[Site "San Francisco"]
[Date "2013.12.03"]
[Round "7.34"]
[White "Frank, Robert"]
[Black "Olson, David"]
[Result "1-0"]
[WhiteElo "1389"]
[BlackElo "1447"]
[PlyCount "63"]
[EventDate "2013.??.??"]

1. d4 Nf6 2. Nf3 g6 3. g3 Bg7 4. Bg2 O-O 5. O-O b6 6. c4 Bb7 7. Nc3 c5 8. d5 a6
9. Bf4 Nh5 10. Be5 f6 11. Bxb8 Rxb8 12. a4 d6 13. Qd2 f5 14. Ng5 Bc8 15. f4 Rf6
16. e4 e5 17. dxe6 Bxe6 18. e5 dxe5 19. Qxd8+ Rxd8 20. fxe5 Bh6 21. exf6 Bxg5
22. Rad1 Bxf6 23. Bd5 Bd4+ 24. Kh1 Ng7 25. Bxe6+ Nxe6 26. Rde1 Kf7 27. Nd1 Ng5
28. g4 Kf6 29. Kg2 {(a guess)} Ne4 30. Rxe4 Kg5 31. gxf5 gxf5 32. h4+ 1-0

[Event "Mechanics' Summer TNM; 30/90, SD/30"]
[Site "San Francisco"]
[Date "2013.07.09"]
[Round "7.30"]
[White "Frank, Robert"]
[Black "Olson, David"]
[Result "1-0"]
[WhiteElo "1343"]
[BlackElo "1519"]
[PlyCount "63"]
[EventDate "2013.??.??"]

1. e4 e6 2. d4 d5 3. e5 c5 4. c3 cxd4 5. cxd4 Bb4+ 6. Nc3 Ne7 7. Qa4+ Nbc6 8.
Bb5 O-O 9. a3 Ba5 10. Nge2 a6 11. Bd3 b5 12. Qc2 Ng6 13. O-O Bb6 14. Be3 f5 15.
f4 b4 16. Na4 Bd7 17. Nc5 a5 18. Nxe6 Bxe6 19. Qxc6 Re8 20. axb4 Rc8 21. Qa4
axb4 22. Qxb4 Rb8 23. Qd2 Nh8 24. b4 Qe7 25. Rab1 Nf7 26. Qe1 g5 27. fxg5 Nxg5
28. Qg3 Kh8 29. Qxg5 Qd7 30. Nf4 Bd8 31. Qh6 Rg8 32. Qxe6 1-0

[Event "Mechanics' Winter TNM; 30/90, SD/30"]
[Site "San Francisco"]
[Date "2013.01.29"]
[Round "4.36"]
[White "Frank, Robert"]
[Black "Poler, Sebastian"]
[Result "1-0"]
[WhiteElo "1264"]
[BlackElo "893"]
[Annotator "Donaldson"]
[PlyCount "59"]
[EventDate "2013.??.??"]

1. d4 Nf6 2. Nf3 d5 3. e3 Bf5 4. c4 e6 5. cxd5 exd5 6. Qb3 b6 7. Nc3 Nc6 8. Bb5
Qd7 $4 (8... Bd7) 9. Qa4 $18 Qd6 10. Bxc6+ Bd7 11. Bxd7+ Nxd7 12. O-O Be7 13.
Ne5 a5 14. Qb5 c5 15. Nf3 O-O 16. a4 Nf6 17. Ne5 cxd4 18. exd4 Bd8 19. Bg5 Bc7
20. Bxf6 gxf6 21. Nf3 Rad8 22. Rae1 Kh8 23. g3 Rg8 24. Kh1 Qd7 25. Qd3 Qh3 26.
Rg1 Rg7 27. Nh4 Rg4 28. Qf3 Rxh4 29. Qxf6+ Kg8 30. Qxh4 1-0

[Event "Mechanics' Spring TNM; 30/90, SD/30"]
[Site "San Francisco"]
[Date "2013.05.07"]
[Round "8.36"]
[White "Frank, Robert"]
[Black "Shaughnessy, Elizabeth"]
[Result "0-1"]
[WhiteElo "1264"]
[BlackElo "1574"]
[PlyCount "122"]
[EventDate "2013.??.??"]

1. d4 Nf6 2. Nf3 g6 3. g3 Bg7 4. Bg2 O-O 5. O-O d6 6. c4 b6 7. Nc3 Bb7 8. Bf4
Nh5 9. Nh4 Bxg2 10. Nxg2 Nxf4 11. Nxf4 e5 12. dxe5 Bxe5 13. Qd2 Nd7 14. Nd3 Bg7
15. f4 Re8 16. Rae1 Nf6 17. e4 Ng4 18. Nf2 Qd7 19. Kg2 Bh6 20. h3 Ne5 21. Qd1
Nxc4 22. Nd5 Bg7 23. Ng4 Re6 24. e5 Qc6 25. Qf3 Kh8 26. Rc1 Qxd5 27. Rxc4 Qxf3+
28. Rxf3 c5 29. exd6 Rxd6 30. Rf2 Rd4 31. Rcc2 Rad8 32. Ne5 Bxe5 33. fxe5 Kg7
34. Rce2 Re8 35. Rf4 Rxf4 36. gxf4 Re6 37. Kf3 Kh6 38. Rg2 f6 39. exf6 Rxf6 40.
Rg5 Rf5 41. Kg4 Rxg5+ 42. fxg5+ Kg7 43. h4 h5+ 44. gxh6+ Kxh6 45. a4 a6 46. b3
b5 47. Kf4 Kh5 48. Ke4 c4 49. bxc4 bxc4 50. Kd4 Kxh4 51. Kxc4 g5 52. Kc5 g4 53.
Kb6 g3 54. Kxa6 g2 55. a5 g1=Q 56. Kb7 Qg8 57. a6 Qf7+ 58. Kb8 Qe8+ 59. Kb7
Qd7+ 60. Kb8 Qb5+ 61. Ka7 Kg5 0-1

[Event "Mechanics' Fall TNM; 30/90, SD/30"]
[Site "San Francisco"]
[Date "2013.10.29"]
[Round "2.20"]
[White "Frank, Robert"]
[Black "Solomonik, Edgar"]
[Result "0-1"]
[WhiteElo "1389"]
[BlackElo "1806"]
[PlyCount "88"]
[EventDate "2013.??.??"]

1. d4 c6 2. Nf3 d5 3. e3 Bg4 4. c4 e5 5. dxe5 Nd7 6. cxd5 Nxe5 7. Be2 Qa5+ 8.
Bd2 Qxd5 9. Nc3 Nd3+ 10. Bxd3 Qxd3 11. Ne5 Bxd1 12. Nxd3 Bc2 13. Nf4 Nf6 14.
O-O O-O-O 15. Bc1 g5 16. Nfe2 Bg7 17. f3 h5 18. Nd4 Bg6 19. Rd1 g4 20. e4 Nxe4
21. fxe4 Bxd4+ 22. Kh1 Rhe8 23. Bg5 f6 24. Bh4 Bxe4 25. Rd2 Bg6 26. Rf1 Be5 27.
Rxd8+ Kxd8 28. Nd1 Kd7 29. b3 Bd4 30. Bf2 Bxf2 31. Nxf2 Re2 32. a3 c5 33. Rd1+
Kc6 34. Kg1 Bc2 35. Rc1 Bg6 36. Kf1 Rc2 37. Rxc2 Bxc2 38. b4 c4 39. Ke2 c3 40.
Nd3 Bxd3+ 41. Kxd3 Kd5 42. g3 f5 43. Kxc3 Ke4 44. a4 f4 0-1

[Event "Mechanics' Winter TNM; 30/90, SD/30"]
[Site "San Francisco"]
[Date "2013.01.08"]
[Round "1.26"]
[White "Frank, Robert"]
[Black "Todortsev, Victor"]
[Result "0-1"]
[WhiteElo "1264"]
[BlackElo "1910"]
[PlyCount "36"]
[EventDate "2013.??.??"]

1. d4 d5 2. Nf3 Nf6 3. e3 c5 4. c3 e6 5. Bd3 c4 6. Bc2 Nc6 7. Nbd2 Bd6 8. e4
dxe4 9. Nxe4 Nxe4 10. Bxe4 Qc7 11. d5 exd5 12. Bxd5 O-O 13. Bxc4 Bg4 14. h3
Bxf3 15. Qxf3 Ne5 16. Qd1 Qxc4 17. Qxd6 Nd3+ 18. Kd2 Rad8 0-1

[Event "Mechanics' Spring TNM; 30/90, SD/30"]
[Site "San Francisco"]
[Date "2013.05.07"]
[Round "8.5"]
[White "Fuentes, Romulo"]
[Black "Byambaa, Uyanga"]
[Result "1-0"]
[WhiteElo "2220"]
[BlackElo "2113"]
[PlyCount "51"]
[EventDate "2013.??.??"]

1. e4 c5 2. Nf3 d6 3. d4 cxd4 4. Nxd4 Nf6 5. Nc3 g6 6. Be3 Bg7 7. f3 O-O 8. Qd2
Nc6 9. Bc4 Bd7 10. h4 Rc8 11. Bb3 Ne5 12. O-O-O Nc4 13. Bxc4 Rxc4 14. h5 Nxh5
15. g4 Nf6 16. Nde2 Qa5 17. Bh6 Rfc8 18. Bxg7 Kxg7 19. Qh6+ Kg8 20. Rd5 b5 21.
e5 dxe5 22. Rxd7 b4 23. g5 Nh5 24. Rxh5 gxh5 25. g6 fxg6 26. Rxe7 1-0

[Event "Mechanics' Winter TNM; 30/90, SD/30"]
[Site "San Francisco"]
[Date "2013.01.22"]
[Round "3.6"]
[White "Fuentes, Romulo"]
[Black "Cendejas, Jesus"]
[Result "1-0"]
[WhiteElo "2229"]
[BlackElo "1916"]
[PlyCount "85"]
[EventDate "2013.??.??"]

1. e4 e6 2. d4 d5 3. e5 c5 4. c3 Nc6 5. Nf3 cxd4 6. cxd4 Bb4+ 7. Bd2 Qb6 8. Bc3
Nge7 9. Nbd2 Nf5 10. a3 Bxc3 11. bxc3 Na5 12. Bd3 Bd7 13. O-O Rc8 14. Qc2 h6
15. h4 Qd8 16. h5 Nc4 17. Nxc4 Rxc4 18. Bxc4 dxc4 19. Qd2 Bc6 20. Qf4 O-O 21.
a4 Qa5 22. Rfc1 Ne7 23. Nh2 Qd5 24. f3 f5 25. Nf1 Qd7 26. Ne3 Nd5 27. Nxd5 Bxd5
28. a5 Qe8 29. Qh4 f4 30. Kf2 Rf5 31. Rh1 Qf8 32. Rhe1 Qe8 33. Reb1 Qf8 34. Rb5
Rg5 35. Qh3 Rg3 36. Qh4 Kh7 37. Rc5 Qf5 38. Rc1 Qd3 39. Qxf4 Rg5 40. g4 Bxf3
41. Qxf3 Qd2+ 42. Kg3 Qxc1 43. Qe4+ 1-0

[Event "Mechanics' Summer TNM; 30/90, SD/30"]
[Site "San Francisco"]
[Date "2013.07.02"]
[Round "6.2"]
[White "Fuentes, Romulo"]
[Black "Doyle, Bryon"]
[Result "1/2-1/2"]
[WhiteElo "2219"]
[BlackElo "2052"]
[Annotator "Houdini 3 and Donaldson"]
[PlyCount "72"]
[EventDate "2013.??.??"]

1. e4 e5 2. Nf3 Nc6 3. d4 exd4 4. Bc4 Nf6 5. e5 d5 6. Bb5 Ne4 7. Nxd4 Bc5 8.
Be3 O-O 9. Nxc6 bxc6 10. Bxc5 Nxc5 11. Bxc6 Rb8 (11... Ba6 12. Bxa8 Qg5 {
is a sharp alternative.}) 12. O-O Qe7 ({
This might be a theoretical novelty. Previously Black tried} 12... Rxb2 {and})
(12... Ba6) 13. Re1 Rxb2 14. Nc3 Be6 15. Qc1 Rfb8 16. Nxd5 Qh4 17. g3 Qd4 18.
Nxc7 Bf5 $4 (18... Nd3 $5 {was correct:} 19. Qd2 (19. Qe3 Qxe3 20. Rxe3 Rb1+
21. Kg2 (21. Rxb1 Rxb1+ 22. Kg2 Ne1+ $19) 21... Rxa1 22. Rxd3 Bxa2) 19... Bf5)
19. Qg5 (19. Nb5 $3 {preys upon Black's exposed rook and weak back rank. Now}
R2xb5 {loses to} 20. Bxb5 Rxb5 21. Rd1) 19... Bxc2 20. Qe3 Qxe3 21. Rxe3 Rc8
22. Rc3 Rxc7 23. Rxc5 Bb1 24. a4 g6 25. Rc1 Bf5 26. Bb5 Re7 27. Re1 Rc7 28.
Rac1 Rxc1 29. Rxc1 Ra2 30. h4 h5 31. Re1 Be6 32. Re3 Bd5 33. f3 Ra1+ 34. Kg2
Ra2+ 35. Kg1 Ra1+ 36. Kg2 Ra2+ 1/2-1/2

[Event "Mechanics' Spring TNM; 30/90, SD/30"]
[Site "San Francisco"]
[Date "2013.03.26"]
[Round "2.2"]
[White "Fuentes, Romulo"]
[Black "Krasnov, Steven"]
[Result "1-0"]
[WhiteElo "2220"]
[BlackElo "1958"]
[PlyCount "63"]
[EventDate "2013.??.??"]

1. e4 c5 2. Nf3 e6 3. d4 cxd4 4. Nxd4 a6 5. Bd3 Qc7 6. O-O Nc6 7. c3 Nf6 8. Qe2
Be7 9. f4 d6 10. Be3 Bd7 11. Nd2 Rc8 12. Kh1 h5 13. Bg1 h4 14. N2f3 Nh5 15. Qe3
g5 16. fxg5 Ng3+ $1 17. hxg3 hxg3+ 18. Nh2 gxh2 19. Bf2 Qa5 (19... Ne5 20. Be2
Qd8 21. Nf3 Ng4) 20. g6 fxg6 21. Nxc6 Bxc6 22. Bg3 Kd7 23. Bc4 Qg5 (23... Bb5)
24. Qxg5 Bxg5 25. Rad1 Be7 26. Rf7 d5 (26... Ba4 27. Rxd6+ Ke8 28. Bxe6 Bxd6
29. Bxd6) 27. exd5 Bxd5 28. Bxd5 exd5 29. Re1 Rce8 30. Bf2 $11 Rhf8 $4 (30...
Kd6 31. Bg3+ Kd7) 31. Rexe7+ Rxe7 32. Rxf8 1-0

[Event "Mechanics' Summer TNM; 30/90, SD/30"]
[Site "San Francisco"]
[Date "2013.07.16"]
[Round "8.1"]
[White "Fuentes, Romulo"]
[Black "Manvelyan, Hayk"]
[Result "0-1"]
[WhiteElo "2219"]
[BlackElo "2293"]
[PlyCount "60"]
[EventDate "2013.??.??"]

1. e4 e5 2. Nf3 Nc6 3. d4 exd4 4. Bc4 Bc5 5. Ng5 Nh6 6. Nxf7 Nxf7 7. Bxf7+ Kxf7
8. Qh5+ g6 9. Qxc5 d5 10. Qxd5+ Qxd5 11. exd5 Nb4 12. Na3 Re8+ 13. Kd1 Nxd5 14.
Nb5 Bf5 15. Bd2 Rad8 16. Kc1 c5 17. Nxa7 Re2 18. a4 Nb4 19. Ra3 Bxc2 20. Nb5
Rxf2 21. Rf3+ Rxf3 22. gxf3 Bxa4 23. Na3 Nd3+ 24. Kb1 Bb3 25. h4 Re8 26. Nb5
Re2 27. Bc1 Bd5 28. Rf1 Re1 29. Rxe1 Nxe1 30. f4 Nf3 0-1

[Event "Mechanics' Spring TNM; 30/90, SD/30"]
[Site "San Francisco"]
[Date "2013.04.09"]
[Round "4.3"]
[White "Fuentes, Romulo"]
[Black "Pryor, Jamieson"]
[Result "1-0"]
[WhiteElo "2220"]
[BlackElo "2112"]
[Annotator "Donaldson"]
[PlyCount "49"]
[EventDate "2013.??.??"]

1. e4 c5 2. Nf3 d6 3. d4 cxd4 4. Nxd4 Nf6 5. Nc3 a6 6. Bg5 e6 7. f4 Be7 8. Qf3
Nbd7 9. O-O-O Qc7 10. Be2 b5 11. Bxf6 {The variation starting with this move
is not highly regarded by theory but it has brought Fuentes many victories.} ({
Closely related to this variation is the immediate e5 without exchanging on f6.
One example of this still notwelltestedideais} 11. e5 Bb7 12. exf6 Bxf3 13.
Bxf3 gxf6 14. Bxa8 fxg5 15. f5 b4 (15... e5 16. Nd5 Qc8 17. Bc6 Bd8 18. Bxd7+
Qxd7 19. Ne2 Qxf5 20. Ng3 Qg4 21. Rhf1 O-O 22. Ne3 Qe6 23. Kb1 Bb6 24. Nef5 Rd8
25. Ne4 d5 26. Nxg5 Qf6 27. h4 Rd7 28. g4 h6 29. Ne4 Qe6 30. Nxh6+ Kh8 31. Nf6
Rc7 32. Rxd5 Rc4 33. Rxe5 Qd6 {
1-0 P. Whitehead-de Firmian, CalChess Masters 1981.})) 11... Nxf6 12. e5 Bb7
13. exf6 Bxf3 14. Bxf3 Bxf6 (14... gxf6 15. Bxa8 d5 16. Bxd5 O-O 17. Bxe6 $1 {
Fuentes-Jones, Fall TNM 2012 (1-0).}) (14... Rc8 {'?'} 15. Bc6+ (15. fxe7 Qxe7
16. Nf5 $1 {Bondarevsky,I}) 15... Kf8 16. fxe7+ Kxe7 17. Rhe1 Kf8 $2 (17... Qb8
) 18. Rxe6 $1 {Fuentes-Byambaa, Carroll Capps 2012 (1-0).}) 15. Bxa8 d5 16.
Bxd5 (16. Bc6+ Kf8 17. Nce2 Ke7 {intending ...Rc8.}) 16... Qxf4+ (16... Bxd4
17. Rxd4 exd5 18. Nxd5 Qc5 19. Re1+ Kf8 20. c3 h5 $1 {was the famous game
Keres-Fischer from the 1959 Candidates tournament. It would be interesting to
know what theoretical improvemtent Fuentes had prepared.}) 17. Kb1 exd5 (17...
Bxd4 18. Bc6+ $1 Ke7 19. Ne2) 18. Nxd5 Qxd4 19. Rhe1+ Qe5 20. Nc7+ Ke7 21. Nxa6
Rc8 22. Nb4 Ke6 23. c3 Rc4 24. Rxe5+ Bxe5 25. Re1 {Both score sheets are
unreadable from this point on. White is much better and won in 50 moves.} 1-0

[Event "Mechanics' Summer TNM; 30/90, SD/30"]
[Site "San Francisco"]
[Date "2013.06.04"]
[Round "2.2"]
[White "Fuentes, Romulo"]
[Black "Rudyak, Felix"]
[Result "1-0"]
[WhiteElo "2219"]
[BlackElo "1946"]
[PlyCount "61"]
[EventDate "2013.??.??"]

1. e4 c5 2. Nf3 d6 3. d4 cxd4 4. Nxd4 Nf6 5. Nc3 a6 6. Bg5 e6 7. f4 Be7 8. Qf3
h6 9. Bh4 g5 10. fxg5 Nfd7 11. Be2 Ne5 12. Qf2 Bxg5 13. Bg3 Qf6 14. Qxf6 Bxf6
15. Rf1 Bg5 16. Nf3 Nxf3+ 17. Bxf3 O-O 18. Bxd6 Rd8 19. e5 Nc6 20. Bxc6 bxc6
21. Ne4 Kg7 22. g3 Re8 23. h4 Be7 24. O-O-O Ra7 25. Rf4 Bd8 26. Bc5 Rc7 27. Nd6
Rg8 28. Rg4+ Kh8 29. Rxg8+ Kxg8 30. Bb6 Rd7 31. Nxc8 1-0

[Event "Mechanics' Spring TNM; 30/90, SD/30"]
[Site "San Francisco"]
[Date "2013.04.23"]
[Round "6.1"]
[White "Fuentes, Romulo"]
[Black "Shakhnazarov, Oleg"]
[Result "1/2-1/2"]
[WhiteElo "2220"]
[BlackElo "2184"]
[PlyCount "102"]
[EventDate "2013.??.??"]

1. e4 c5 2. Nf3 d6 3. d4 cxd4 4. Nxd4 Nf6 5. Nc3 g6 6. Be3 Bg7 7. f3 Nc6 8. Qd2
Nxd4 9. Bxd4 O-O 10. Bc4 Be6 11. Bb3 Qa5 {
This variation is not very popular and deservedly so.} 12. O-O-O Bxb3 13. cxb3
b5 (13... Rfc8) (13... Rfd8 {planning to follow with ...e6 is an alternative.})
14. Kb1 Qa6 $6 {Black wants to sidetep Bxf6 followed by Nd5 but the prevention
is worth less than the illness.} (14... Rfc8 15. Bxf6 Bxf6 16. Nd5 Qxd2 17.
Nxf6+ Kg7 18. Nh5+ gxh5 19. Rxd2 Rc5 {is roughly equal.}) 15. h4 {
This stops Bxf6 and Nd5 but at a huge cost.} (15. Bxf6 Bxf6 16. Nd5 Rad8 17.
Nxf6+ exf6 18. h4 {was a promising alternative.}) 15... e5 $6 16. Be3 b4 17.
Nd5 Nxd5 18. Qxd5 Qe2 {Black trys to mix things up before White sits on him.}
19. Qd2 Qb5 20. h5 a5 {Playing for ...a4 is Oleg's chance for counterplay.} 21.
hxg6 fxg6 22. Qxd6 (22. Qd5+ Qxd5 23. Rxd5 a4 {was Black's idea.}) 22... Rf7
23. Qd5 Qe8 24. Bb6 (24. Rd3 Kh8 25. Rc1 {was the positional approach but Romy
wants material. There are many ways to win this position.}) 24... a4 25. bxa4
Qxa4 26. Qxa8+ $1 {This leads to what should be an easily winning ending.} Qxa8
27. Rd8+ Qxd8 28. Bxd8 Rd7 29. Bg5 Bf8 30. Kc2 Bc5 31. Rd1 Bd4 {
This is as good as anything for Black but it should fall short.} 32. Kb3 Kf7
33. Be3 Kf6 34. f4 {This makes a lot of sense as it denies Black ..Ke5-f4-g3.}
Ke6 35. Bxd4 exd4 36. Kxb4 g5 37. g3 h5 38. Kc4 h4 39. gxh4 (39. fxg5 hxg3 40.
Kd3 Ke5 41. Rg1 Kf4 42. a4 Kf3 43. b4 Kf2 44. Ra1 g2 45. a5 g1=Q 46. Rxg1 Kxg1
47. b5 {winning is how White should handle this position. Once the queenside
pawns gets rolling it's all over.}) 39... gxf4 40. Rxd4 Rf7 41. Rd2 $2 (41. Rd1
{was much simpler.} Ke5 42. b4 f3 43. a4 f2 44. Rf1 Kxe4 45. a5 Ke3 46. a6 {
and the queenside pawns again decide.}) 41... Ke5 42. Kd3 Rg7 43. Ke2 $2 {
White mistakenly tries to stop Black's pawn instead of promoting his own and
in doing so throws away the win.} (43. b4 {would still have done the job.})
43... Kxe4 44. Kf1 Ke3 45. Rc2 ({No better is} 45. Re2+ Kf3 46. Rf2+ Ke3 47. a4
f3 {The contrast in activity White and Black's pieces is striking and with the
advanced passed pawn fully compensates for the two pawn deficit.}) 45... f3 46.
Rc3+ Kf4 47. Rc5 Rd7 48. b4 Rd1+ 49. Kf2 Rd2+ 50. Kf1 Rxa2 51. Rc8 Ra1+ 1/2-1/2

[Event "Mechanics' Summer TNM; 30/90, SD/30"]
[Site "San Francisco"]
[Date "2013.06.18"]
[Round "4.5"]
[White "Fuentes, Romulo"]
[Black "Todortsev, Victor"]
[Result "1-0"]
[WhiteElo "2219"]
[BlackElo "1916"]
[PlyCount "51"]
[EventDate "2013.??.??"]

1. e4 d6 2. d4 g6 3. Nc3 Bg7 4. Be2 Nf6 5. h4 h5 6. Bg5 Nbd7 7. Qd2 c5 8. Nf3
a6 9. O-O-O b5 10. dxc5 b4 11. Na4 Qa5 12. b3 Nxc5 13. e5 Nfe4 14. Qe3 Nxg5 15.
hxg5 Nxa4 16. bxa4 O-O 17. Bc4 Qxa4 18. Nh4 Bxe5 19. Nxg6 Bc3 20. Rd3 Qa3+ 21.
Kd1 Re8 22. Nf4 Bf5 23. g6 e6 24. gxf7+ Kxf7 25. Rxh5 Bxd3 26. Qxd3 1-0

[Event "Mechanics' Winter TNM; 30/90, SD/30"]
[Site "San Francisco"]
[Date "2013.02.19"]
[Round "7.1"]
[White "Fuentes, Romulo"]
[Black "Winslow, Elliott"]
[Result "1/2-1/2"]
[WhiteElo "2229"]
[BlackElo "2319"]
[Annotator "Silman"]
[PlyCount "62"]
[EventDate "2013.??.??"]

1. e4 c5 2. Nf3 d6 3. d4 cxd4 4. Qxd4 Bd7 5. Be3 Nc6 6. Qd2 Nf6 7. Nc3 Qa5 8.
Be2 Rc8 9. O-O e6 10. Rfd1 Be7 11. Bf4 Ne5 12. Nxe5 dxe5 13. Bg5 Bc6 14. Bxf6
Bxf6 15. Nb5 Qxd2 16. Rxd2 Rd8 17. Nd6+ Ke7 18. Rad1 Rd7 19. f3 Rhd8 20. Nc4
Rxd2 21. Rxd2 Rxd2 22. Nxd2 Bg5 (22... b5 $1 {Jeremy Silman, who was
spectating during the round. Black's plan is to play ...b4 to fix the
queenside pawns and then follow up with. ..f5, ...Bg5, ...Be3+, ...Kf6 , ..Bg1
- forcing the h-pawn up, giving Black's king entry points into White's
kingside. This is not forced, but defending such a position without
counterplay is not pleasant.}) 23. Nc4 Bb5 24. Kf2 Bxc4 25. Bxc4 Bc1 26. b3 Kd6
27. a4 a6 28. Ke2 Kc5 29. c3 b5 30. axb5 axb5 31. Bd3 b4 1/2-1/2

[Event "Mechanics' Winter TNM; 30/90, SD/30"]
[Site "San Francisco"]
[Date "2013.01.08"]
[Round "1.3"]
[White "Fuentes, Romulo"]
[Black "Woebcke, Carl"]
[Result "1-0"]
[WhiteElo "2229"]
[BlackElo "1769"]
[PlyCount "71"]
[EventDate "2013.??.??"]

1. e4 c5 2. Nf3 d6 3. d4 cxd4 4. Nxd4 Nf6 5. Nc3 a6 6. Bg5 e6 7. f4 Be7 8. Qf3
Qc7 9. O-O-O b5 10. e5 Bb7 11. Qg3 dxe5 12. fxe5 Ne4 13. Nxe4 Bxe4 14. Bxe7
Qxe7 15. Qxg7 Rf8 16. Bxb5+ axb5 17. Nxb5 Ra6 18. Nd6+ Rxd6 19. exd6 Qb7 20.
Rhe1 Nd7 21. Qg5 f6 22. Qh5+ Rf7 23. Qa5 Ne5 24. Re3 Nc4 25. Qa4+ Qc6 26. Qxc6+
Bxc6 27. Rxe6+ Kd7 28. Re7+ Rxe7 29. dxe7+ Kxe7 30. b3 Nd6 31. g3 Ne4 32. a4
Nc3 33. Rd3 Nd5 34. a5 Nb4 35. Rd4 Nd5 36. Rh4 1-0

[Event "Mechanics' Winter TNM; 30/90, SD/30"]
[Site "San Francisco"]
[Date "2013.02.05"]
[Round "5.1"]
[White "Fuentes, Romulo"]
[Black "Wong, Russell"]
[Result "1-0"]
[WhiteElo "2229"]
[BlackElo "2200"]
[PlyCount "63"]
[EventDate "2013.??.??"]

1. e4 Nf6 2. Bc4 d5 3. exd5 Nxd5 4. Nc3 Nxc3 5. Qf3 e6 6. dxc3 Nc6 7. Bf4 Bd6
8. Bb5 Bd7 9. O-O-O Bxf4+ 10. Qxf4 Qf6 11. Qxc7 Qg5+ 12. f4 Qxb5 13. Qxd7+ Kf8
14. Nf3 Kg8 15. Ne5 Rf8 16. Nxc6 bxc6 17. Qxa7 h5 18. Qd4 Ra8 19. a3 c5 20. Qd7
Qc4 21. Kb1 Rh6 22. Qb7 Rf8 23. g3 h4 24. Rhe1 Qa4 25. Re4 Qa5 26. Re5 hxg3 27.
hxg3 Rd8 28. Rxd8+ Qxd8 29. Rxc5 Rh1+ 30. Ka2 Qd1 31. Rc8+ Kh7 32. Qxf7 1-0